La cultura y los medios de comunicación
Uloženo v:
| Hlavní autor: | |
|---|---|
| Médium: | Kniha |
| Jazyk: | španělština |
| Vydáno: |
Santiago
Nueva Universidad
1981
|
| Témata: | |
| Tagy: |
Přidat tag
Žádné tagy, Buďte první, kdo vytvoří štítek k tomuto záznamu!
|
MARC
| LEADER | 00000nam a2200000 a 4500 | ||
|---|---|---|---|
| 001 | UCY1530 | ||
| 003 | CL-VaPUC | ||
| 008 | 940907e19810000CL |||||||||||||||||spa|d | ||
| 082 | 0 | 4 | |a 302.23 |b ROA |2 21 |
| 100 | 0 | |a Roa Rebolledo, Armando |e author |9 329547 | |
| 245 | 1 | 3 | |a La cultura y los medios de comunicación |
| 300 | |a 79 p | ||
| 942 | |c BK | ||
| 945 | |d 19940907 00:00:00 |a rbrito | ||
| 260 | |a Santiago |b Nueva Universidad |c 1981 | ||
| 650 | 0 | |a Cultura |9 269059 | |
| 650 | 7 | |a EXTENSION CULTURAL |2 CL-VaPUC |9 329548 | |
| 650 | 7 | |a MEDIO DE COMUNICACION DE MASA ASPECTOS SOCIALES |2 CL-VaPUC |9 329549 | |
| 583 | |a last modification |c 19940907 00:00:00 |k Rodrigo Vera | ||
| 999 | |c 230209 |d 230207 | ||
| 952 | |0 0 |1 0 |4 0 |6 302_230000000000000_ROA_1981 |7 0 |8 A |9 232267 |a BIBEDU |b BIBEDU |d 2019-11-15 |i 3014495 |o 302.23 ROA 1981 |p 3014495 |r 2019-11-15 |w 2019-11-15 |y BK |k EDU | ||